Normal view
MARC view
Entry Corporate Name
001 - CONTROL NUMBER
- control field: 18906
003 - CONTROL NUMBER IDENTIFIER
- control field: OSt
005 - DATE AND TIME OF LATEST TRANSACTION
- control field: 20211105134336.0
008 - FIXED-LENGTH DATA ELEMENTS
- fixed length control field: 211105|| aca||aabn | a|a d
040 ## - CATALOGING SOURCE
- Original cataloging agency: OSt
- Transcribing agency: OSt
110 ## - HEADING--CORPORATE NAME
- Corporate name or jurisdiction name as entry element: United Laboratory for Optical
670 ## - SOURCE DATA FOUND
- Source citation: Work cat.: (OSt): Workshop on Frontiers of Astronomy China 1992 Oct. 30 - Nov. 6 18904, Frontiers of astronomy in 1990s, 1993